000 00293nam a22001337a 4500
008 170328b xxu||||| |||| 00| 0 eng d
020 _a9780822559610
041 _aeng
080 _a796.3
100 _a8
101 _aSHM
245 _aSPORTS HEROES AND LEGENDS
_cKOUFAX, S
942 _2udc
_cBK
999 _c8804
_d8804